[Event "Mecklenburg VP-ch U16"]
[Site "Malchow"]
[Date "2007.02.06"]
[Round "7"]
[White "Grosse, Jeremy"]
[Black "Do Nhat, Tan"]
[Result "0-1"]
[WhiteElo "924"]
[BlackElo "1138"]
[PlyCount "60"]
[EventDate "2007.02.03"]
[EventType "swiss"]
[EventRounds "7"]
[EventCountry "GER"]
[SourceTitle "EXT 2022"]
[Source "ChessBase"]
[SourceDate "2021.10.06"]
[SourceVersion "1"]
[SourceVersionDate "2021.10.06"]
[SourceQuality "1"]

1. e4 c5 2. Bc4 Nc6 3. Qf3 Nf6 4. d3 Ne5 5. Qe3 Nxc4 6. dxc4 d6 7. Nc3 g6 8. Nd5 Nd7 9. Nf3 Bg7 10. 0-0 0-0 11. Rb1 e6 12. Nf4 a6 13. Nh3 h6 14. b3 b5 15. Bb2 e5 16. Bc1 Rb8 17. cxb5 axb5 18. Ne1 Nf6 19. f4 exf4 20. Qxf4 Bxh3 21. gxh3 Nd7 22. Bb2 Ne5 23. Bc1 f5 24. exf5 Rxf5 25. Qd2 Rxf1+ 26. Kxf1 Qf6+ 27. Qf2 Qe7 28. Qe2 Rf8+ 29. Kg1 Nf3+ 30. Kf2 Nd4+ 0-1

[Event "Mecklenburg VP-ch U16"]
[Site "Malchow"]
[Date "2007.02.06"]
[Round "6"]
[White "Rohde, Sascha"]
[Black "Grosse, Jeremy"]
[Result "1-0"]
[WhiteElo "1249"]
[BlackElo "924"]
[PlyCount "103"]
[EventDate "2007.02.03"]
[EventType "swiss"]
[EventRounds "7"]
[EventCountry "GER"]
[SourceTitle "EXT 2022"]
[Source "ChessBase"]
[SourceDate "2021.10.06"]
[SourceVersion "1"]
[SourceVersionDate "2021.10.06"]
[SourceQuality "1"]

1. e4 e5 2. Nf3 Nc6 3. Bc4 Bc5 4. d3 Nf6 5. 0-0 d6 6. h3 0-0 7. Bg5 Nd4 8. Nc3 Be6 9. Bxe6 Nxe6 10. Bxf6 Qxf6 11. Nd5 Qd8 12. Re1 c6 13. Ne3 Bxe3 14. Rxe3 Qb6 15. b3 d5 16. exd5 cxd5 17. Nxe5 d4 18. Rg3 Qc7 19. Nc4 b5 20. Nd2 Qc3 21. Ne4 Qc6 22. Qh5 Kh8 23. Ng5 Nxg5 24. Qxg5 Qg6 25. Qxg6 fxg6 26. Rg4 Rad8 27. Re4 Rfe8 28. Rae1 Rxe4 29. Rxe4 h6 30. Kf1 Rc8 31. Re2 Kg8 32. Ke1 Kf7 33. Kd2 Re8 34. Rxe8 Kxe8 35. c3 dxc3+ 36. Kxc3 Kd7 37. Kb4 Kc6 38. Ka5 Kc5 39. b4+ Kd4 40. Kxb5 Kxd3 41. Ka6 Kc4 42. b5 Kb4 43. b6 axb6 44. Kxb6 Ka3 45. Kc6 Kxa2 46. Kd6 Kb3 47. Ke6 Kc3 48. Kf7 Kd3 49. Kxg7 Ke2 50. Kxg6 Kxf2 51. h4 Kxg2 52. h5 1-0